| 000 | 01195cam a2200301 a 4500 | ||
|---|---|---|---|
| 999 |
_c18327 _d18327 |
||
| 001 | 15862157 | ||
| 005 | 20161205115111.0 | ||
| 008 | 090810s2009 nyua 000 0 eng d | ||
| 010 | _a 2009934634 | ||
| 020 | _a9780979129025 | ||
| 020 | _a0979129028 | ||
| 035 | _a(OCoLC)ocn468727633 | ||
| 040 |
_aYUS _cYUS _dCAM _dCDX _dYDXCP _dDLC |
||
| 042 | _alccopycat | ||
| 043 | _an-us--- | ||
| 050 | 0 | 0 |
_aN6510 _b.K373 2009 |
| 100 | 1 | _aKatlan, Alexander W. | |
| 245 | 1 | 0 |
_aSalmagundi Club painting exhibition records 1940-1951 and Water color exhibition records 1900-1951 / _cby Alexander W. Katlan. |
| 246 | 1 |
_iAt head of title: _aSalmagundi Club painting & water color exhibitions |
|
| 260 |
_aFlushing, N.Y. : _bAlexander W. Katlan and Salmagundi Club NYC, _cc2009. |
||
| 300 |
_a624 p. : _bill. ; _c24 cm. |
||
| 610 | 2 | 0 |
_aSalmagundi Club _xExhibitions _xHistory _y20th century. |
| 650 | 0 |
_aArt, American _y20th century _vExhibitions. |
|
| 710 | 2 | _aSalmagundi Club. | |
| 942 |
_2lcc _cBOOKS |
||